| 000 | 00428nam a2200169Ia 4500 | ||
|---|---|---|---|
| 008 | 230711s9999||||xx |||||||||||||| ||und|| | ||
| 041 | _aENG | ||
| 082 |
_a621.382 _bKH-E |
||
| 100 | _aKhan, Anwar A | ||
| 245 | 2 | _aA first course in electronics | |
| 250 | _a1st Ed. | ||
| 260 |
_c2006 _aNew Delhi _bPHI Learning Private Limited |
||
| 300 | _a808 | ||
| 650 | _aElectronics Engineering | ||
| 700 | _aDey, Kanchan K | ||
| 942 | _cBK | ||
| 999 |
_c4673 _d4673 |
||